01720nam a2200349Ia 450000500170000000800410001702000150005808200160007310000200008924500870010925000190019630000430021549000440025850400270030253400270032960000490035665000560040565000290046170000420049094200120053226400350054433600270057933700330060633800280063904000350066799900150070295201300071795201330084795201290098095201300110995201310123920220317000655.0160601s1999 sp a g 000 0 spa  a843231018204a925.3bO66s1 aStrathern, Paul10aOppenheimer y la bomba atómica cPaul Strathern ; traducción Antón Corriente a1a. edición  a101 páginas bilustraciones c18 cm  aLos científicos y sus descubrimientos aIncluye bibliografía tOppenheimer & the bomb14aOppenheimer, Julius Robertd1904-1967952287142LEMBaCientíficos estadounidenses vBiografías 142LEMBaBombas atómicas 1 aCorriente, Antónetraductor 952290 2ddccBK aMadrid bSiglo Veintiunoc1999 atextobtxt2rdacontent asin mediaciónbn2rdamedia avolumenbnc2rdacarrier aCO-BoRNBPbspaerdacCO-BoRNBP c4729d4729 00102ddc40708GENaMEDORADObMEDORADOcGENd2023-01-19l0o925.3 O66spDOR01000r2023-01-19 00:00:00tEj.1w2023-01-19yBK 00102ddc40708GENaMEMAPIRIbMEMAPIRIcGENd2024-01-10l0o925.3 O66spMAP00001593r2024-01-10 19:59:06tEj.1w2024-01-10yBK 00102ddc40708GENaMESMARTIbMESMARTIcGENd2024-03-13l0o925.3 O66spSM03328r2024-03-13 21:52:24tEj.1w2024-03-13yBK 00102ddc40708GENaMEPLOPEZbMEPLOPEZcGENd2025-08-30l0o925.3 O66spPLZ03085r2025-08-30 17:05:56tEj.1w2025-08-30yBK 00102lcc40708GENaMEPCONCObMEPCONCOcGENd2026-03-05l0o925.3 O66spPCON02532r2026-03-05 15:38:47tEj.1w2026-03-05yBK